| 000 | 04595nam0a2200529 4500 | ||
|---|---|---|---|
| 001 | RU\NLR\BIBL_A\012909198 | ||
| 005 | 20230119165118.0 | ||
| 010 |
_a978-5-6040401-3-3 _9300 |
||
| 021 |
_aRU _bКН-П-22-056544 _9КН-П-22-4903 |
||
| 035 | _a(NLR Aleph) 012909198 | ||
| 035 | _a(RuMoRGB)011186947 | ||
| 090 |
_a12608686 _c12608686 |
||
| 100 | _a20221014d2020 u y0rusy50 ca | ||
| 101 | 0 |
_arus _aeng |
|
| 102 | _aRU | ||
| 105 | _aac z 000zy | ||
| 181 | 0 |
_ai2 _baxxe |
|
| 181 | 0 |
_ab2 _bbb2e |
|
| 182 | 0 | _an | |
| 200 | 1 |
_aБалинские юрты. Культура обских остяков и русских ямщиков XVII-XIX вв. _dThe yurts of Balin. Culture of Ob ostyaks and Russian coachmen of the XVII-XIX centuries _e[краткие результаты комплексного археологического исследования] _fМаксим Юрьевич Баранов, Георгий Петрович Визгалов _gСлужба государственной охраны объектов культурного наследия Ханты-Мансийского автономного округа Югры [и др.] _zeng |
|
| 203 |
_aТекст _aИзображение _bвизуальные _cнепосредственные |
||
| 210 |
_aХанты-Манскийск [и др.] _cИнститут археологии Севера _d2020 |
||
| 215 |
_a171 с. _cил., цв. ил., портр. _d29 |
||
| 225 | 1 |
_aХанты-Мансийский автономный округ в зеркале прошлого _dKhanty-Mansi autonomous okrug in the mirror of the past _vвып. 18 _zeng |
|
| 300 | _aАвт. также англ.: Maxim Yuryevich Baranov, Georgy Petrovich Vizgalov | ||
| 300 | _aВ вып. дан.: авт. идеи - канд. ист. наук Г. П. Визгалов | ||
| 300 | _aЧасть текста парал. рус., англ. | ||
| 320 | _aБиблиогр.: с. 164-167 | ||
| 330 | _aВ книге представлены результаты раскопок поселения "Урочище Бала-1" - зимнего хантыйского поселения, функционировавшего в качестве постоялого двора, расположенного на зимнем пути Самаровского яма, связывавшего Европейскую Россию с городами Тобольского Севера. Предлагается типология исследованных построек и сооружений. Представлено собрание разнообразного бытового и промыслового инвентаря. Полученные материалы свидетельствуют о высокой степени адаптации сложившейся хозяйственной структуры к местным природным условиям. Результаты археологических исследований позволяют проводить реконструкции хозяйственных структур и этнокультурных традиций населения края середины XVIII - конца XIX в. | ||
| 510 | 1 |
_6z11790 _aThe yurts of Balin. Culture of Ob ostyaks and Russian coachmen of the XVII-XIX centuries _zeng |
|
| 606 |
_aРусские _xЭтнографические исследования _yСибирь Западная _92139211 _3RU\NLR\AUTH\661289571 |
||
| 606 | 1 |
_aХанты _xЭтнографические исследования _92612357 _3RU\NLR\AUTH\661548915 |
|
| 607 |
_aУрочище Бала I, поселение (Приобье) _xАрхеологические исследования _92539815 _3RU\NLR\AUTH\6601717260 |
||
| 675 |
_a903.3(571.122)"16/18" _v4 |
||
| 686 | 1 | _aТ4(2Р53)4 | |
| 686 | 1 | _aТ52(251.1=Ха) | |
| 686 | 1 | _aТ52(251.3=Р) | |
| 700 | 1 |
_7ca _8rus _aБаранов _bМ. Ю. _cархеолог _f1973- _gМаксим Юрьевич _9250252 _3RU\NLR\AUTH\770250308 |
|
| 701 | 1 |
_7ca _8rus _aВизгалов _bГ. П. _f1960- _gГеоргий Петрович _9250243 _3RU\NLR\AUTH\770250299 |
|
| 790 | 1 |
_6z11 _7ba _8rus _aBaranov _bM. J. _cархеолог _f1973- _gMaksim Jur'evič _9250254 _3RU\NLR\AUTH\770250310 |
|
| 790 | 1 |
_6z11 _6z11510 _7ba _8rus _aVizgalov _bG. P. _f1960- _gGeorgij Petrovič _9250250 _3RU\NLR\AUTH\770250306 |
|
| 942 | _cBOOK | ||
| 980 | _aNBR | ||
| 980 | _aNB | ||